| 000 | 00678cam a22002411 4500 | ||
|---|---|---|---|
| 001 | sa 67006542 | ||
| 003 | DLC | ||
| 005 | 20260227112408.0 | ||
| 008 | 890425s1966 ii ach b 000 0 tamo | ||
| 010 | _asa 67006542 | ||
| 035 | _a(OCoLC)19601681 | ||
| 040 |
_aDLC _cWaU _dDLC |
||
| 043 | _aa-ii--- | ||
| 050 | 0 | 0 |
_aPL4758.4 _b.J3 |
| 100 | 1 |
_aJakannātan̲, Ki. Vā., _d1906- |
|
| 245 | 1 | 0 | _aTamil̲ nāvalin̲ tōr̲r̲amum vaḷarcciyum. |
| 260 | _c[1966] | ||
| 300 |
_axiii, 159, [2], 3 p. _c18 cm. |
||
| 440 | 0 |
_aKalki memorial lectures, _v1963-64 |
|
| 500 | _aIn Tamil. | ||
| 504 | _aBibliography: p. [160]-[161] | ||
| 650 | 0 |
_aTamil fiction _xHistory and criticism. |
|
| 999 |
_c76024 _d76024 |
||